LIBRARY & INFORMATION CENTRE, KCAET, TAVANUR

ONLINE PUBLIC ACCESS CATALOGUE (OPAC)

Development and evaluation of ready to serve beverages from palmyrah palm fruit / (Record no. 19478)

MARC details
000 -LEADER
fixed length control field 00536nam a22001817a 4500
003 - CONTROL NUMBER IDENTIFIER
control field OSt
082 ## - DEWEY DECIMAL CLASSIFICATION NUMBER
Classification number 664
Item number MUH/DE
088 ## - REPORT NUMBER
Report number P 653
100 ## - MAIN ENTRY--AUTHOR NAME
Personal name Muhammed Thwahir
245 ## - TITLE STATEMENT
Title Development and evaluation of ready to serve beverages from palmyrah palm fruit /
260 ## - PUBLICATION, DISTRIBUTION, ETC. (IMPRINT)
Place of publication Tavanur :
Name of publisher Department of Processing and Food Engineering
Year of publication 2025
700 ## - ADDED ENTRY--PERSONAL NAME
Personal name Archana Bhuvandas
700 ## - ADDED ENTRY--PERSONAL NAME
Personal name Nandu M Vinod
700 ## - ADDED ENTRY--PERSONAL NAME
Personal name Alfiya Rahiman
700 ## - ADDED ENTRY--PERSONAL NAME
Personal name Afeefa M
700 ## - ADDED ENTRY--PERSONAL NAME
Personal name Prince M. V (Guide)
942 ## - ADDED ENTRY ELEMENTS (KOHA)
Koha item type Project Report
Holdings
Collection code Home library Current library Full call number Accession Number Koha item type
Reference KAUAET KAUAET 664 MUH/DE P 653 Project Report
free website counter